000 00556nam a22001937a 4500
003 KOHA_MİRAKIL
005 20251224130332.0
008 251224b tu ||||| |||| 00| 0 tur d
020 _a9786259928616
040 _aTR-AnABB
_btur
_cTR-AnABB
041 _atur
082 _a711.5809561
_bKON 2023
100 1 _aSarı, Özdemir Burcu,
245 1 0 _aKonut ve yaşam çevreleri /
_cBurcu Özdemir Sarı
260 _aAnkara :
_bİdealKent Yayınları,
_c2023
300 _a470 sayfa :
_c21 cm
650 0 4 _aKonut planlaması
942 _2ddc
_cBK
999 _c9915
_d9915
900 _bGizem YORULMAZ